Arquivos permanentes : (Record no. 1183)

MARC details
000 -LÍDER
Campo Fixo de Controle 00779nam a2200265 a 4500
001 - NÚMERO DE CONTROLE
Campo de Controle 1183
003 - IDENTIFICAÇÃO DO NÚMERO DE CONTROLE
Campo de Controle BR-CuiBMT
005 - DATA E HORA DA ÚLTIMA ATUALIZAÇÃO
Campo de Controle 20231130210001.0
008 - DADOS FIXOS
Dados Fixos 231130s2006 rjba 000 0 por d
020 ## - INTERNATIONAL STANDARD BOOK NUMBER
Nº do ISBN 8522504741
040 ## - AGÊNCIA CATALOGADORA
Código da Agência Catalogadora BR-CuiBMT
Agência que transcreveu o registro BR-CuiBMT
080 ## - Nº DA CLASSIFICAÇÃO DECIMAL UNIVERSAL
Nº Class. CDU 930.251
Nº edição CDU 2007
090 ## - NÚMERO DE CHAMADA
Nº classificação 930.251
Cutter B447a
Ano/Edição 4. ed.
100 10 - ENTRADA PRINCIPAL -- AUTOR PESSOAL
Nome pessoal Belloto,Heloísa Liberalli
245 10 - TÍTULO PRINCIPAL
Título principal Arquivos permanentes :
Subtítulo tratamento documental /
Indicação de responsabilidade Heloisa Liberalli Bellotto.
250 ## - EDIÇÃO
Edição 4. ed.
260 ## - PUBLICAÇÃO, DISTRIBUIÇÃO, ETC.
Local de publicação São Paulo :
Editora FGV,
Data 2006
300 ## - DESCRIÇÃO FÍSICA
N. páginas ou volumes 318 p. :
Ilustrações il. ;
Dimensões 23 cm
504 ## - NOTA DE BIBLIOGRAFIA, ETC.
Nota de bibliografia inclui bibliografia.
590 ## - NOTA LOCAL
Nota local A Biblioteca possui a 8. reimpr. 2012.
650 ## - ASSUNTO TÓPICO
Cabeçalho tópico ou nome geográfico Arquivo
Subdivisão geral organização
650 ## - ASSUNTO TÓPICO
Cabeçalho tópico ou nome geográfico Arquivamento
Subdivisão geral Documentos
650 ## - ASSUNTO TÓPICO
Cabeçalho tópico ou nome geográfico Gestão documental
942 ## - ELEMENTOS DE ENTRADA ADICIONAIS (KOHA)
Fonte de classificação ou esquema de arquivamento Classificação Decimal Universal
Tipo de item do Koha Livros
Holdings
Estado: removido Estado: perdido Fonte de classificação ou esquema de arquivamento Estado: danificado Indisponível para empréstimo Localização permanente Localização atual Data de aquisição Total Checkouts Número de Chamada completo Código de barras Date last seen Número do exemplar Preço efetivo a partir de Tipo de item (Koha) Nota pública
    Classificação Decimal Universal     Biblioteca da Escola Superior de Contas do TCE/MT Biblioteca da Escola Superior de Contas do TCE/MT 02/04/2013   930.251 B447a 4. ed. BIBTCEMT23111406 30/11/2023 Ex. 1 30/11/2023 Livros 8. reimpr. 2012

Powered by Koha